MDQL
is popping MORE tags! Check the
thread
!
Quizzes
Events
Quiz Creation
Community
Videos
Private Events
Remove Ads
Sign In
Join for FREE
Feedback
Dark Mode
Quiz Categories
Sports
Geography
Music
Movies
Television
Just For Fun
Miscellaneous
History
Literature
Language
Science
Gaming
Entertainment
Religion
Holiday
For Kids
Quiz Lab
Recent
Popular Today
Quiz Kudos Today
Editor Picks
Curator Picks
Quizzes by...
Day
Popularity
Type
Ratings
Length
Year
Community
Subscriptions
Recent Discussions
Orange Saloon
Badges
Playlists
Quests
Create
Leaderboards
Showdown
Live 5
Trivia Bingo
Activity
Puzzle Library
Sporcle Events
Private Events
Virtual Trivia
Globe League
Become a Host
Pub Owners
SporcleCon
Opinionation
Our Games
Videos
Blog
Mobile Apps
Partnerships
Remove Ads and Go Orange
Feedback
Sports
Athletes
MLB
NBA
NHL
NFL
Soccer
Sports Teams
WWE
NCAA
Football
Premier League
Basketball
Baseball
Hockey
Golf
Tennis
Cricket
Rugby
Auto Racing
Olympics
World Cup
Sports
Athletes
MLB
NBA
NHL
NFL
Soccer
Sports Teams
WWE
NCAA
Football
Premier League
Basketball
Baseball
Hockey
Golf
Tennis
Cricket
Rugby
Auto Racing
Olympics
World Cup
Random Quiz
Search Sporcle
×
Quiz Lab
Quiz Lab
Sports
2018
Type in answers that appear in a list
Type in answers that appear in a list
Classic
Best Score? Go Orange.
GP3 2018 (Drivers Standings) Stats
Can you name the GP3 2018 (Drivers Standings)?
By
Ajudah97
10m
26 Questions
10 Plays
10 Plays
10 Plays
Comments
Comments
Give Quiz Kudos
Give Quiz Kudos
-
- Ratings
hide this ad
Forced Order
Answers have to be entered in order
Answers have to be entered in order
Replay
Link that replays current quiz
Next Quiz
Link to next quiz in quiz playlist
You Got
0%
They Got
Avg Score
51%
Avg Friend Score
Upgrade to see
Score Distribution
Jump to the score distribution portion of the page
Score
0/26
Timer
10:00
0
Plays Today
Finish
Driver
% Correct
1.
Anthoine Hubert
100%
2.
Nikita Mazepin
80%
16.
Tatiana Calderon
80%
17.
Niko Kari
80%
5.
David Beckmann
70%
12.
Juan Manuel Correa
70%
15.
Richard Verschoor
70%
4.
Leonardo Pulcini
60%
7.
Giuliano Alesi
60%
8.
Jake Hughes
60%
9.
Ryan Tveter
60%
11.
Alessio Lorandi
60%
3.
Callum Ilott
50%
Finish
Driver
% Correct
6.
Pedro Piquet
50%
10.
Dorian Boccolacci
50%
25.
Will Palmer
50%
13.
Joey Mawson
40%
19.
Diego Menchaca
40%
21.
Devlin DeFrancesco
40%
18.
Gabriel Aubry
30%
20.
Jannes Fittje
30%
22.
Julien Falchero
30%
23.
Christian Lundgaard
30%
24.
Sacha Fenestraz
30%
14.
Simo Laaskonen
10%
26.
Jehan Duravala
0%
Quiz Playlist
Details
Report
Send in Message
Add To Playlist
Classic:
Type in answers that appear in a list
Forced Order:
Answers have to be entered in order
Last Updated: Nov 26, 2018
Quiz Scoreboard
CHALLENGE
Sign Up to Join the Scoreboard
Show All
Scores
Hide
Comments
May contain spoilers
Recently Published
Street Fighter Characters
by Artimus82
Gaming
60s
9x9 Crossword: Cartoon Network
by jackfrog10
Miscellaneous
3m
College Basketball Coaching Resumes
by pancakes188
Sports
9m
More to Explore
Quiz From the Vault
Featured Blog Post
Where Did the Easter Bunny Come From?
hide this ad
You Might Also Like...
Tags
2018
Driver
Drivers Standings
finish
Today's Top Quizzes in Sports
Browse Sports
hide this ad
Today's Top Quizzes in 2018
Browse 2018
Top Contributed Quizzes in Sports
1
2022 World Cup Stars
2
Les meilleurs buteurs des matchs entre le PSG et l’OM
3
FIFA Club World Cup Champions
4
Les entraîneurs de l'OM et du PSG au 21e siècle
5
Criteria MLB: Left Handed Sluggers
6
2023 MLB Unique Player Accomplishments
7
AFC Teams Reveal (Wrong Answers Minefield)
8
5-to-1: FBS Animal Nicknames
9
Players with Multiple 50 Home Run Seasons
10
5-to-1: UK Sports Teams
Explore More
Trending Topics
Anime
Disney
Kpop
Harry Potter
Marvel
NBA
Crossword
NFL
Country
WWE
Soccer
Song
Pokémon
The Office
Puzzle
hide this ad
More By:
Ajudah97
Quiz
Plays
Rating
Category
Featured
Created
F1 Max Verstappen Minefield
1,858
4.00
Sports
Sep 26, 2020
F1 Every Constructor in the Championship
1,620
4.33
Sports
Feb 6, 2021
F1 Who Wants to be a Millionaire
1,025
4.50
Sports
Jan 5, 2021
Football who wants to be a millionaire
975
Sports
May 26, 2020
Anyone but Daniel Ricciardo
762
2.63
Sports
Aug 14, 2017
Go to Creator's Profile
Score Distribution
Quiz Creator Spotlight
Ajudah97
Follow
Send a Message
Quizzes Created
-
Created Quiz Play Count
-
More By This Creator
Popular Quizzes Today
1
Find the US States - No Outlines Minefield
2
Find the Countries of Europe - No Outlines Minefield
3
The Countries of the World
4
Find the US States
5
Risky Map Clicking: Biggest States A-Z
6
US States
7
Popular People in 1961
8
Movies - When Are They Set?
More Sports Quizzes
Wooden Award and NBA MVP
Quiz Lab
Trending Quizzes
Risky Map Clicking: Least Populous States A-Z
Countries of the World: 200 Million BC
Billboard Blitz: Aretha Franklin
1-10 Letter G Words
Famous Russians: Author or Composer?
Recently Updated
Leaping Animals
pecheneg
Reality TV Shows (A-Z)
bhenderson79
Rickey Henderson's Hall of Fame Teammates
pecheneg
Champions League XIs: Arsenal
pecheneg
Quick Pick: Celebrities in WWE's Hall of Fame
aduchscher
A-Z Keypad Blitz II
pecheneg
Multiple Oscar Actors
pecheneg
Mystery Phrase Blitz: Oscar 'Best Actors'
pecheneg
F. Scott Fitzgerald Novels
LTH
Pick 3 Villains
ddd62291
Trending Topics
Anime
NBA
Marvel
Disney
Kpop
Harry Potter
Crossword
NFL
Puzzle
Pokémon
Soccer
WWE
Country
The Office
Song
Your Account Isn't Verified!
In order to create a playlist on Sporcle, you need to verify the email address you used during registration. Go to your
Sporcle Settings
to finish the process.
Report this User
Report this user for behavior that violates our
Community Guidelines
.
Details:
Send Report
Go to the Sporcle.com Mobile Site →
Comments